Conjunctival flora and conjunctivitis of the new born (Record no. 869000)

MARC details
000 -LEADER
fixed length control field 01045nam a2200289Ia 4500
003 - CONTROL NUMBER IDENTIFIER
control field OSt
005 - DATE AND TIME OF LATEST TRANSACTION
control field 20220930075926.0
008 - FIXED-LENGTH DATA ELEMENTS--GENERAL INFORMATION
fixed length control field 220926b |||||||| |||| 00| 0 eng d
037 ## - SOURCE OF ACQUISITION
Terms of availability Theses
040 ## - CATALOGING SOURCE
Original cataloging agency CRL
Transcribing agency CRL
Language of cataloging eng
041 ## - LANGUAGE CODE
Source of code eng
Language code of text/sound track or separate title eng
100 ## - MAIN ENTRY--PERSONAL NAME
Personal name Wadhwani Meenakshi
9 (RLIN) 537684
110 ## - MAIN ENTRY--CORPORATE NAME
Corporate name or jurisdiction name as entry element University of Delhi. Faculty of Medical Sciences. Department of Ophthalmology
9 (RLIN) 520086
245 #0 - TITLE STATEMENT
Title Conjunctival flora and conjunctivitis of the new born
260 ## - PUBLICATION, DISTRIBUTION, ETC.
Date of publication, distribution, etc. 2005
650 ## - SUBJECT ADDED ENTRY--TOPICAL TERM
Topical term or geographic name entry element EYE - DISEASES
9 (RLIN) 197938
700 ## - ADDED ENTRY--PERSONAL NAME
Personal name Dr. Arvind Saili Gu.
9 (RLIN) 532614
700 ## - ADDED ENTRY--PERSONAL NAME
Personal name Dr. Pamela D'souza Gu.
9 (RLIN) 536946
700 ## - ADDED ENTRY--PERSONAL NAME
Personal name Dr. Rajesh Jain Gu.
9 (RLIN) 536178
700 ## - ADDED ENTRY--PERSONAL NAME
Personal name Dr. Renu Dutta Gu.
9 (RLIN) 536934
700 ## - ADDED ENTRY--PERSONAL NAME
Personal name University of Delhi. Faculty of Medical Sciences. Department of Ophthalmology
9 (RLIN) 520088
942 ## - ADDED ENTRY ELEMENTS (KOHA)
Koha item type Dissertations
Source of classification or shelving scheme Colon Classification (CC)
Holdings
Withdrawn status Lost status Damaged status Not for loan Home library Current library Date acquired Total Checkouts Barcode Date last seen Price effective from Koha item type
        Central Library Central Library 2022-09-30   TH0014561 2022-09-30 2022-09-30 Thesis
Copyright @ Delhi University Library System